Statistics for ESPN Undroppable NFL Players

Click here to take the quiz!

General Stats

  • This quiz has been taken 57 times
  • The average score is 17 of 17

Answer Stats

PositionTeamAnswer% Correct
Running BacksSaintsAlvin Kamara
100%
Running BacksTitansDerrick Henry
100%
QuarterbacksBillsJosh Allen
100%
QuarterbacksChiefsPatrick Mahomes
100%
Running BacksGiantsSaquon Barkley
100%
Running BacksVikingsDalvin Cook
98%
Tight EndsRaidersDarren Waller
98%
Tight Ends49ersGeorge Kittle
98%
Tight EndsChiefsTravis Kelce
98%
Wide ReceiversChiefsTyreek Hill
98%
Wide ReceiversTitansA.J. Brown
95%
Running BacksPanthersChristian McCaffrey
95%
Wide ReceiversPackersDavante Adams
95%
Wide ReceiversCardinalsDeAndre Hopkins
95%
Wide ReceiversSeahawksDK Metcalf
95%
QuarterbacksCardinalsKyler Murray
95%
Wide ReceiversBillsStefon Diggs
95%

Score Distribution

Percentile by Number Answered

Percent of People with Each Score

Your Score History

You have not taken this quiz